[Event "Sparkassen-Open A"]
[Site "Heusenstamm, Martinsee"]
[Date "2024.11.22"]
[Round "3.100"]
[White "Fernandez Egea, Andres"]
[Black "Trumpp, Lothar"]
[Result "0-1"]
[WhiteElo "1828"]
[BlackElo "1908"]
[PlyCount "128"]
[EventDate "2024.11.21"]
[WhiteTeam "SF Frankfurt 1921"]
[BlackTeam "VSG 1880 Offenbach"]

1. e4 e5 2. Nf3 Nc6 3. Bb5 a6 4. Ba4 Nf6 5. Qe2 b5 6. Bb3 Be7 7. c3 d6 8. O-O Bg4 9. Rd1 O-O 10. d4 Qc8 11. d5 Nb8 12. Nbd2 Nbd7 13. Nf1 Nc5 14. Bc2 Bh5 15. Ng3 Bg6 16. h3 Nh5 17. Nf5 Bxf5 18. exf5 Nf6 19. g4 h6 20. c4 bxc4 21. Qxc4 Ncd7 22. g5 Nb6 23. Qh4 Nfxd5 24. f6 Nxf6 25. gxf6 Bxf6 26. Qh5 Qd8 27. Bxh6 g6 28. Bxg6 fxg6 29. Qxg6+ Kh8 30. Bg7+ Bxg7 31. Ng5 Qxg5+ 32. Qxg5 Rf6 33. Rd3 Raf8 34. Rg3 R8f7 35. Qh4+ Kg8 36. Rd1 Rxf2 37. Qd8+ Kh7 38. Qh4+ Kg8 39. Rg2 R2f3 40. Qd8+ Kh7 41. h4 Nc4 42. Rc1 Ne3 43. Rg5 Nd5 44. Qa8 Ne3 45. Qxa6 e4 46. Qc6 R3f4 47. Qe8 d5 48. Rh5+ Bh6 49. Qe6 R4f6 50. Qe5 Rg7+ 51. Rg5 Bxg5 52. hxg5 Rf5 53. Qh2+ Kg8 54. Qg3 Rfxg5 55. Qxg5 Rxg5+ 56. Kf2 Ng4+ 57. Kg3 Rg7 58. a4 Ne5+ 59. Kh4 Kf7 60. Rxc7+ Kf6 61. Rxg7 Kxg7 62. a5 Kf6 63. b4 Nc6 64. a6 Na7 0-1

[Event "Sparkassen-Open A"]
[Site "Heusenstamm, Martinsee"]
[Date "2024.11.22"]
[Round "3.101"]
[White "Faulstich, Kurt"]
[Black "Schellenberger, Dirk"]
[Result "0-1"]
[WhiteElo "1819"]
[BlackElo "1932"]
[PlyCount "92"]
[EventDate "2024.11.21"]
[WhiteTeam "SAbt Niederräder TG"]
[BlackTeam "Schachclub Aschaffenburg e.V."]

1. e4 Nf6 2. Nc3 d5 3. exd5 Nxd5 4. Bc4 c6 5. Nf3 Bg4 6. O-O e6 7. Re1 Be7 8. h3 Bh5 9. Ne4 Nd7 10. Be2 O-O 11. d3 Qc7 12. Bg5 f6 13. Bd2 e5 14. Nd4 Bf7 15. Nf5 Bb4 16. c3 Ba5 17. b4 Bb6 18. c4 Bg6 19. Nh4 Bxe4 20. dxe4 Bd4 21. cxd5 cxd5 22. Rc1 Qb6 23. Rf1 dxe4 24. Nf5 Kh8 25. Bc3 Qe6 26. Nxd4 exd4 27. Qxd4 Nb6 28. Rc2 Rad8 29. Qe3 Rfe8 30. Qc1 Na4 31. Bd2 Re7 32. Qa3 Nb6 33. Qxa7 Ra8 34. Bc4 Qd6 35. Qxa8+ Nxa8 36. Rfc1 Nb6 37. Bb3 h6 38. a3 Qd3 39. Rb1 Rc7 40. Rxc7 Qxb1+ 41. Kh2 Qxb3 42. Rxb7 Nc4 43. Bf4 g5 44. Bb8 e3 45. fxe3 Nxe3 46. Ba7 Nf5 0-1

[Event "Sparkassen-Open A"]
[Site "Heusenstamm, Martinsee"]
[Date "2024.11.22"]
[Round "3.102"]
[White "Kulenovic, Adnan"]
[Black "Michalski, Uwe"]
[Result "1-0"]
[WhiteElo "1918"]
[BlackElo "1820"]
[PlyCount "63"]
[EventDate "2024.11.21"]
[WhiteTeam "Spielgemeinschaft Kinzigtal"]
[BlackTeam "Sfr.Mainz 1928"]

1. c4 e5 2. Nc3 Nf6 3. g3 c5 4. Bg2 Nc6 5. d3 d6 6. f4 Be7 7. Nf3 O-O 8. O-O Bd7 9. e4 g6 10. Nd5 Nh5 11. Nxe7+ Qxe7 12. Nh4 exf4 13. Bxf4 Nxf4 14. Rxf4 Nd4 15. Rf2 Rab8 16. Qd2 a6 17. Raf1 b5 18. b3 b4 19. Rf6 Kg7 20. Qg5 Rbe8 21. e5 dxe5 22. Bd5 Kh8 23. Qh6 Nf5 24. R6xf5 Bxf5 25. Rxf5 e4 26. Rxf7 Qxf7 27. Bxf7 Rxf7 28. dxe4 Rxe4 29. Nxg6+ Kg8 30. Nf4 Re1+ 31. Kg2 a5 32. Qg5+ 1-0

[Event "Sparkassen-Open A"]
[Site "Heusenstamm, Martinsee"]
[Date "2024.11.22"]
[Round "3.103"]
[White "Henn, Jakob"]
[Black "Burkhardt, Jan"]
[Result "0-1"]
[WhiteElo "1789"]
[BlackElo "1916"]
[PlyCount "78"]
[EventDate "2024.11.21"]
[WhiteTeam "SC Bad Nauheim"]
[BlackTeam "Sfr.Mainz 1928"]

1. e4 e5 2. Nf3 Nc6 3. Bc4 Bc5 4. c3 Nf6 5. d3 d6 6. O-O a5 7. Re1 O-O 8. d4 Ba7 9. h3 h6 10. Bb3 Re8 11. Bc2 exd4 12. cxd4 Nb4 13. Nc3 Nxc2 14. Qxc2 c6 15. Be3 Bd7 16. Rad1 Nh7 17. Nd2 b5 18. Ne2 Nf8 19. Ng3 Rc8 20. Nf3 Be6 21. b3 d5 22. e5 Qe7 23. Qd2 Bb6 24. Nh5 Nh7 25. Rc1 Bf5 26. Ng3 Bg6 27. Kh2 Nf8 28. Kg1 Ne6 29. Kh2 Rc7 30. Kg1 Ra8 31. Kh2 a4 32. b4 Nf8 33. a3 Nd7 34. Rc3 Ba7 35. Bf4 Qe6 36. Nh4 Nb6 37. Nxg6 fxg6 38. Rf3 Nc4 39. Rd3 Nxd2 0-1

[Event "Sparkassen-Open A"]
[Site "Heusenstamm, Martinsee"]
[Date "2024.11.22"]
[Round "3.104"]
[White "Wilke, Jörg"]
[Black "Rotermund, Verena"]
[Result "0-1"]
[WhiteElo "1913"]
[BlackElo "1818"]
[PlyCount "156"]
[EventDate "2024.11.21"]
[WhiteTeam "SC Matt im Park Ffm"]
[BlackTeam "Vorw.Orient Mainz"]

1. d4 Nf6 2. c4 g6 3. Nc3 Bg7 4. e4 d6 5. f4 c5 6. d5 Qa5 7. Bd2 O-O 8. Qc2 Nbd7 9. Nf3 a6 10. Be2 Rb8 11. h3 Nh5 12. g4 Ng3 13. Rh2 Nxe2 14. Nxe2 Qd8 15. Bc3 f6 16. f5 b5 17. b3 bxc4 18. bxc4 Nb6 19. Bd2 Bd7 20. Nf4 g5 21. Ne6 Bxe6 22. dxe6 Qc7 23. Ba5 Qc6 24. Bxb6 Rxb6 25. Rb1 Rfb8 26. Rxb6 Qxb6 27. Re2 Qa5+ 28. Kf2 Rb4 29. Qc3 Qb6 30. Ne1 Qb8 31. Nd3 Rb6 32. Rb2 h5 33. Rxb6 Qxb6 34. Qb3 Qc7 35. Nb2 hxg4 36. hxg4 d5 37. Qg3 Qb7 38. Qh3 Qc7 39. Qg3 Qb7 40. Qb3 Qc7 41. exd5 Qf4+ 42. Qf3 Qd4+ 43. Qe3 Qxb2+ 44. Qe2 Qd4+ 45. Kf3 Bf8 46. Kg2 Qf4 47. Kh3 a5 48. Qd3 Qf2 49. Qb3 Qh4+ 50. Kg2 Qxg4+ 51. Qg3 Qxf5 52. Qb8 g4 53. Qc8 Qf3+ 54. Kg1 Qg3+ 55. Kf1 Qh3+ 56. Kf2 g3+ 57. Ke3 Qh7 58. Kf3 Qg7 59. Kg2 f5 60. Qb8 Qg6 61. Qc7 Qg7 62. Qxc5 f4 63. Qa3 Qd4 64. Qf3 Qd2+ 65. Kf1 Qc1+ 66. Kg2 Qxc4 67. Qg4+ Bg7 68. Qf5 Qe2+ 69. Kh3 Qh2+ 70. Kg4 Qh6 71. Qf7+ Kh7 72. Kf3 g2 73. Qf5+ Qg6 74. Qh3+ Bh6 75. Qxg2 Qxg2+ 76. Kxg2 Kg7 77. Kf3 Kf8 78. Ke4 Ke8 0-1

[Event "Sparkassen-Open A"]
[Site "Heusenstamm, Martinsee"]
[Date "2024.11.22"]
[Round "3.105"]
[White "Kretner, Georg-Ulrich"]
[Black "Doering, Janno"]
[Result "1-0"]
[WhiteElo "1904"]
[BlackElo "1813"]
[PlyCount "57"]
[EventDate "2024.11.21"]
[WhiteTeam "SC Bad Nauheim"]
[BlackTeam "SK Bingen"]

1. d4 Nf6 2. Nf3 e6 3. c4 b6 4. g3 Bb7 5. Bg2 Be7 6. O-O O-O 7. d5 exd5 8. Nh4 d6 9. cxd5 Re8 10. Nf5 c5 11. Nc3 Bf8 12. e4 g6 13. Nh6+ Kg7 14. Bg5 Nbd7 15. Qf3 Ne5 16. Qf4 Nh5 17. Qd2 Be7 18. h4 Ba6 19. Rfd1 Nf6 20. b3 Ned7 21. Qf4 Ne5 22. g4 Qd7 23. f3 Rf8 24. Bf1 Bxf1 25. Rxf1 b5 26. Ne2 a5 27. Ng3 a4 28. bxa4 Rxa4 29. Nhf5+ 1-0

[Event "Sparkassen-Open A"]
[Site "Heusenstamm, Martinsee"]
[Date "2024.11.22"]
[Round "3.106"]
[White "Jordake, Michael"]
[Black "Held, Bernhard"]
[Result "1-0"]
[WhiteElo "1787"]
[BlackElo "1899"]
[PlyCount "111"]
[EventDate "2024.11.21"]
[WhiteTeam "SC Bergen-Enkheim 1922"]
[BlackTeam "SK 1908 Göggingen"]

1. d4 Nf6 2. Nf3 d5 3. Bf4 e6 4. e3 Bd6 5. Bg3 c5 6. c3 Nc6 7. Nbd2 Bxg3 8. hxg3 cxd4 9. exd4 O-O 10. Bd3 h6 11. Ne5 Nd7 12. f4 Ndxe5 13. dxe5 Qb6 14. Nf3 Qxb2 15. O-O Qxc3 16. Rc1 Qa5 17. Bb1 g6 18. Nh4 Ne7 19. Qg4 Kh7 20. Qf3 Bd7 21. g4 Qb6+ 22. Kh2 f5 23. Qa3 Rf7 24. g5 h5 25. Rc2 Rd8 26. Rb2 Qa6 27. Qxa6 bxa6 28. Rb7 Bb5 29. Rc1 Rd7 30. Rxd7 Bxd7 31. Rc7 Nc6 32. Bd3 Nb4 33. Bb1 Be8 34. Rc8 Bb5 35. Nf3 Nc6 36. Bc2 Kg7 37. a4 Ne7 38. Rc7 Bc4 39. Nd4 Kh7 40. Nxe6 Kg8 41. Nd4 Rg7 42. Rxa7 Nc8 43. Ra8 Rc7 44. a5 Kf7 45. Ba4 Ke7 46. Nc6+ Kf7 47. Nb4 Ne7 48. Nxa6 Rb7 49. Nc5 Rb2 50. e6+ Kg7 51. Ra7 Kf8 52. Nd7+ Kg7 53. Ne5 Kf8 54. Ra8+ Kg7 55. Re8 Rb7 56. Bd7 1-0

[Event "Sparkassen-Open A"]
[Site "Heusenstamm, Martinsee"]
[Date "2024.11.22"]
[Round "3.107"]
[White "Kuckel, Michael"]
[Black "Lang, Nico"]
[Result "1-0"]
[WhiteElo "1738"]
[BlackElo "1896"]
[PlyCount "61"]
[EventDate "2024.11.21"]
[WhiteTeam "SC Matt im Park Ffm"]
[BlackTeam "Schachverein Ahlen 1954 e. V."]

1. d4 d5 2. Nf3 f5 3. g3 Nf6 4. Bg2 Nbd7 5. c4 e6 6. Nbd2 Be7 7. O-O h6 8. b3 g5 9. Bb2 Kf8 10. Qc2 Nb6 11. Ne5 Kg7 12. f3 Qe8 13. e4 c6 14. Rae1 h5 15. exf5 exf5 16. c5 Nbd7 17. Qxf5 Ne4 18. fxe4 Rf8 19. Qg6+ Qxg6 20. Nxg6 Kxg6 21. exd5 cxd5 22. Rxe7 Nf6 23. Bc1 g4 24. b4 Bf5 25. Rxb7 Rae8 26. Nb3 Bd3 27. Bf4 Bxf1 28. Bxf1 Ne4 29. Rxa7 Nc3 30. Bd3+ Kf6 31. Ra6+ 1-0

[Event "Sparkassen-Open A"]
[Site "Heusenstamm, Martinsee"]
[Date "2024.11.22"]
[Round "3.108"]
[White "Fettig, Michel"]
[Black "Schulze, Manfred"]
[Result "1/2-1/2"]
[WhiteElo "1715"]
[BlackElo "1889"]
[PlyCount "51"]
[EventDate "2024.11.21"]
[WhiteTeam "SC ML Kastellaun"]
[BlackTeam "SC Steinbach"]

1. c4 f5 2. Nc3 Nf6 3. g3 e5 4. Bg2 c6 5. e3 g6 6. Nge2 Bg7 7. O-O O-O 8. d4 d6 9. Qb3 Kh8 10. Rd1 Qe7 11. Qc2 Na6 12. a3 Be6 13. b3 Rac8 14. Bb2 Nh5 15. d5 Bd7 16. Rd2 f4 17. exf4 exf4 18. Nd4 fxg3 19. fxg3 Qe3+ 20. Kh1 Bxd4 21. Rxd4 Rf2 22. Rd2 Rxd2 23. Nd1+ Kg8 24. Nxe3 Rxc2 25. Nxc2 Nc7 26. Rd1 1/2-1/2

[Event "Sparkassen-Open A"]
[Site "Heusenstamm, Martinsee"]
[Date "2024.11.22"]
[Round "3.109"]
[White "Herrmann, Gerhard"]
[Black "Meyer-Jany, Marcel"]
[Result "0-1"]
[WhiteElo "1698"]
[BlackElo "1876"]
[PlyCount "68"]
[EventDate "2024.11.21"]
[WhiteTeam "SC Königsspringer Alzenau e.V"]
[BlackTeam "SK Herborn 1946"]

1. e4 c6 2. d4 d5 3. Nd2 dxe4 4. Nxe4 Bf5 5. Nc3 e6 6. Nf3 h6 7. Bd3 Bxd3 8. Qxd3 Nf6 9. O-O Bd6 10. Bd2 Qc7 11. h3 Nbd7 12. Rfe1 O-O-O 13. a4 g5 14. a5 g4 15. hxg4 Nxg4 16. Ne4 Bh2+ 17. Kf1 f5 18. Nc3 Nxf2 19. Kxf2 Bg3+ 20. Kf1 Bxe1 21. Bxe1 Rhg8 22. Qc4 e5 23. Nxe5 Nxe5 24. dxe5 Qxe5 25. a6 Qg7 26. axb7+ Qxb7 27. Qe6+ Kb8 28. Qe5+ Ka8 29. Bf2 c5 30. Qxc5 Qxb2 31. Ke2 Rge8+ 32. Ne4 Rxe4+ 33. Qe3 Rxe3+ 34. Kxe3 Qe5+ 0-1

[Event "Sparkassen-Open A"]
[Site "Heusenstamm, Martinsee"]
[Date "2024.11.22"]
[Round "3.110"]
[White "Klebs, Sebastian"]
[Black "Scheerer, Amelie"]
[Result "1/2-1/2"]
[WhiteElo "1871"]
[BlackElo "1788"]
[PlyCount "46"]
[EventDate "2024.11.21"]
[WhiteTeam "Karlsruher SF 1853"]
[BlackTeam "SV 1934 Ffm-Griesheim"]

1. e4 e5 2. Nc3 Nc6 3. Bc4 Nf6 4. d3 Na5 5. Nge2 Nxc4 6. dxc4 Bc5 7. f3 a6 8. Qd3 d6 9. Be3 Bxe3 10. Qxe3 Be6 11. b3 O-O 12. O-O-O b5 13. c5 Qe7 14. cxd6 cxd6 15. Qb6 Rfd8 16. g4 d5 17. exd5 Nxd5 18. Nxd5 Bxd5 19. Rhf1 Qb7 20. Qxb7 Bxb7 21. Nc3 Rxd1+ 22. Kxd1 Rd8+ 23. Ke2 f6 1/2-1/2

[Event "Sparkassen-Open A"]
[Site "Heusenstamm, Martinsee"]
[Date "2024.11.22"]
[Round "3.111"]
[White "Rotärmel, Leonie"]
[Black "Koholka, Jan"]
[Result "0-1"]
[WhiteElo "1683"]
[BlackElo "1865"]
[PlyCount "52"]
[EventDate "2024.11.21"]
[WhiteTeam "SK Bad Homburg 1927"]
[BlackTeam "SK Langen"]

1. e4 c5 2. Nf3 Nc6 3. d4 cxd4 4. Nxd4 Nf6 5. Nc3 e5 6. Ndb5 d6 7. Bg5 a6 8. Na3 Be7 9. Bxf6 Bxf6 10. Nc4 Nd4 11. Nd5 b5 12. Nxf6+ Qxf6 13. c3 bxc4 14. cxd4 O-O 15. Bxc4 Qg6 16. Qf3 Bg4 17. Qe3 Be6 18. Bxe6 Qxg2 19. Bxf7+ Rxf7 20. Ke2 Raf8 21. Raf1 Rf3 22. Qc1 Rxf2+ 23. Rxf2 Qxf2+ 24. Kd1 Qf3+ 25. Kd2 Qxe4 26. Rf1 Qg2+ 0-1

[Event "Sparkassen-Open A"]
[Site "Heusenstamm, Martinsee"]
[Date "2024.11.22"]
[Round "3.112"]
[White "Jansen, Malte"]
[Black "Gärtner, Johannes"]
[Result "1-0"]
[WhiteElo "1863"]
[BlackElo "1777"]
[PlyCount "171"]
[EventDate "2024.11.21"]
[WhiteTeam "SJ Herborn 1998"]
[BlackTeam "Sfr.Mainz 1928"]

1. e4 e6 2. d4 d5 3. exd5 exd5 4. Nf3 Bd6 5. c4 c6 6. Nc3 Nf6 7. Bg5 Be6 8. cxd5 cxd5 9. Bd3 O-O 10. O-O a6 11. Rc1 Nbd7 12. Bh4 h6 13. Re1 b5 14. Ne5 Nb6 15. b3 Rc8 16. Bb1 b4 17. Ne2 Rxc1 18. Nxc1 Be7 19. Nc6 Qc7 20. Nxe7+ Qxe7 21. Nd3 Rc8 22. Nc5 Nbd7 23. Nxd7 Qxd7 24. Bxf6 gxf6 25. Qd3 f5 26. Qd2 Rc3 27. Qxh6 a5 28. g3 a4 29. bxa4 b3 30. axb3 Rxb3 31. Bc2 Rb2 32. Qg5+ Kf8 33. Rc1 Qa7 34. Qd8+ Kg7 35. Qg5+ Kf8 36. Qe3 Rb4 37. Qa3 Qe7 38. Rd1 Kg8 39. Rd3 Qb7 40. Rb3 Rxb3 41. Qxb3 Qc7 42. Qd3 Qb6 43. Qc3 Qa6 44. a5 f4 45. Bd3 Qd6 46. a6 fxg3 47. hxg3 Bh3 48. Bf1 Bxf1 49. Qc8+ Kg7 50. Kxf1 Qb4 51. Qb7 Qxd4 52. a7 Qd3+ 53. Kg1 Qe4 54. a8=Q Qe1+ 55. Kg2 Qe4+ 56. Kf1 Qh1+ 57. Ke2 Qe4+ 58. Kd2 Qd4+ 59. Kc1 Qc3+ 60. Kb1 Qe1+ 61. Ka2 d4 62. Qaa7 Qe2+ 63. Qb2 Qc4+ 64. Qb3 Qe2+ 65. Ka3 Qxf2 66. Qe7 Qf5 67. g4 Qa5+ 68. Kb2 Qd2+ 69. Qc2 Qf4 70. g5 Qb8+ 71. Kc1 Qf4+ 72. Qd2 Qf1+ 73. Qee1 Qc4+ 74. Kd1 Qb3+ 75. Ke2 Qb5+ 76. Kf2 Qf5+ 77. Kg3 Qd5 78. Qef2 Qb3+ 79. Qf3 Qb8+ 80. Qdf4 Qe8 81. Q3e4 Qf8 82. Qf6+ Kg8 83. Qee7 Qb8+ 84. Kg4 Qc8+ 85. Kh4 Qc4 86. Qe8+ 1-0

[Event "Sparkassen-Open A"]
[Site "Heusenstamm, Martinsee"]
[Date "2024.11.22"]
[Round "3.113"]
[White "Sejdovic, Cemal"]
[Black "Schneider, Till"]
[Result "0-1"]
[WhiteElo "1861"]
[BlackElo "1729"]
[PlyCount "84"]
[EventDate "2024.11.21"]
[WhiteTeam "SK 1959 Bischofsheim"]
[BlackTeam "SC Brett vorm Kopp Ffm"]

1. e4 e6 2. d4 d5 3. e5 Bd7 4. Nf3 a6 5. Bd3 Bb5 6. Bxb5+ axb5 7. c3 Nd7 8. a3 Nb6 9. O-O c6 10. Bg5 Be7 11. Bf4 h6 12. Nbd2 g5 13. Bg3 h5 14. h3 g4 15. hxg4 hxg4 16. Nh2 Nh6 17. Nxg4 Nxg4 18. Qxg4 Kd7 19. Nf3 Rh7 20. Nh2 Qh8 21. Qf3 Rg8 22. Bf4 Bg5 23. g4 Rh3 24. Bg3 Qh7 25. Kg2 Nc4 26. Rh1 Rh8 27. b3 Nd2 28. Qe2 Ne4 29. Qd3 Qh6 30. Qf3 Rh7 31. Kg1 Nxg3 32. Qxg3 Rxg3+ 33. fxg3 Qh3 34. Kf2 Qh6 35. Nf3 Qg6 36. Rxh7 Qxh7 37. Nxg5 Qc2+ 38. Kg1 Qxc3 39. Rf1 Qxg3+ 40. Kh1 Qh4+ 41. Kg2 Qxg4+ 42. Kf2 Qxg5 0-1

[Event "Sparkassen-Open A"]
[Site "Heusenstamm, Martinsee"]
[Date "2024.11.22"]
[Round "3.114"]
[White "Mehlen, Theodor"]
[Black "Hebauf, Markus"]
[Result "1-0"]
[WhiteElo "1850"]
[BlackElo "1696"]
[PlyCount "49"]
[EventDate "2024.11.21"]
[WhiteTeam "SC Matt im Park Ffm"]
[BlackTeam "Sfr.1932 Kelkheim"]

1. e4 c5 2. Nf3 Nc6 3. d4 cxd4 4. Nxd4 e5 5. Nb5 a6 6. Nd6+ Bxd6 7. Qxd6 Qe7 8. Qxe7+ Ngxe7 9. Be3 Nb4 10. Na3 O-O 11. c3 Nbc6 12. Nc4 b5 13. Nd6 f5 14. a4 Rb8 15. axb5 axb5 16. Bxb5 fxe4 17. Bc4+ Kh8 18. Nf7+ Rxf7 19. Bxf7 Rxb2 20. O-O d5 21. Bg5 d4 22. cxd4 exd4 23. Rae1 h6 24. Bxe7 Nxe7 25. Rxe4 1-0

[Event "Sparkassen-Open A"]
[Site "Heusenstamm, Martinsee"]
[Date "2024.11.22"]
[Round "3.115"]
[White "Al Luwaisi, Omer"]
[Black "Maul, Kilian"]
[Result "1/2-1/2"]
[WhiteElo "1667"]
[BlackElo "1849"]
[PlyCount "70"]
[EventDate "2024.11.21"]
[WhiteTeam "SC ML Kastellaun"]
[BlackTeam "SV Oberursel"]

1. e4 c6 2. Nf3 d5 3. exd5 cxd5 4. Ne5 Nc6 5. Bb5 Bd7 6. Nxd7 Qxd7 7. d4 Nf6 8. O-O e6 9. Bf4 Bd6 10. Bxd6 Qxd6 11. c3 a6 12. Bd3 Rc8 13. Nd2 b5 14. a3 O-O 15. Nb3 Nd7 16. Qh5 f5 17. Rae1 Rf6 18. Qh3 Rh6 19. Qg3 f4 20. Qg4 Re8 21. h3 e5 22. Bf5 Nf6 23. dxe5 Rxe5 24. Qxf4 Nh5 25. Qf3 Rxe1 26. Rxe1 Ne5 27. Qe3 Ng6 28. Qe6+ Qxe6 29. Bxe6+ Kf8 30. Bxd5 Ngf4 31. Be4 Nf6 32. Bc2 Nd7 33. Re3 Nb6 34. Rf3 Rf6 35. Re3 Nc4 1/2-1/2

[Event "Sparkassen-Open A"]
[Site "Heusenstamm, Martinsee"]
[Date "2024.11.22"]
[Round "3.116"]
[White "Spelleken, Mark"]
[Black "Henzelmann, Matthias"]
[Result "1-0"]
[WhiteElo "1748"]
[BlackElo "1680"]
[PlyCount "119"]
[EventDate "2024.11.21"]
[WhiteTeam "SC Somborn 1933"]
[BlackTeam "SC Heuchelheim"]

1. d4 d5 2. c4 dxc4 3. Nc3 e5 4. e3 exd4 5. exd4 Nf6 6. Bxc4 c6 7. Nf3 Bb4 8. Bg5 O-O 9. O-O b5 10. Bb3 Bb7 11. Ne5 h6 12. Bh4 Be7 13. Re1 Nbd7 14. Ng6 Re8 15. a4 bxa4 16. Rxa4 Nb6 17. Ra1 Nbd5 18. Nxd5 Nxd5 19. Nxe7+ Nxe7 20. Qf3 g5 21. Bxf7+ Kg7 22. Bxe8 Qxe8 23. Qe4 Kf8 24. Bg3 Qd7 25. Qh7 Bc8 26. Qxh6+ Kf7 27. Qh7+ Kf8 28. Qh6+ Kf7 29. Qxg5 Nd5 30. Be5 Qg4 31. Qxg4 Bxg4 32. f3 Bd7 33. h4 Kg6 34. g4 Nb4 35. Re2 Be6 36. Kh2 Bc4 37. Rg2 Bd5 38. Rg3 Nd3 39. f4 Nxb2 40. h5+ Kh7 41. g5 a5 42. f5 a4 43. f6 Nc4 44. h6 a3 45. Bf4 Bf7 46. Bc1 a2 47. Rg2 Nd6 48. Bb2 Kg6 49. Rag1 Nc4 50. Ba1 Ne3 51. Re2 Nf5 52. Rc2 Ra6 53. Rc3 Nxd4 54. Rh3 Ne2 55. h7 Nxg1 56. h8=Q Nxh3 57. Qg7+ Kf5 58. Qxf7 Nxg5 59. Qd7+ Ne6 60. Qd3+ 1-0

[Event "Sparkassen-Open A"]
[Site "Heusenstamm, Martinsee"]
[Date "2024.11.22"]
[Round "3.117"]
[White "Riedel, Thomas"]
[Black "Manasek, Martin"]
[Result "1-0"]
[WhiteElo "1842"]
[BlackElo "1656"]
[PlyCount "95"]
[EventDate "2024.11.21"]
[WhiteTeam "SC Einrich e.V."]
[BlackTeam "SC Flörsheim 1921"]

1. e4 c6 2. Nf3 d5 3. Nc3 dxe4 4. Nxe4 Nf6 5. Bd3 Nxe4 6. Bxe4 Nd7 7. d4 Nf6 8. Qd3 Nxe4 9. Qxe4 Qd5 10. Qxd5 cxd5 11. O-O Bd7 12. Bf4 Rc8 13. c3 e6 14. Rfe1 Be7 15. Ne5 Bb5 16. Re3 O-O 17. Rg3 Kh8 18. Re1 f6 19. Nf3 Bd7 20. h4 Rfe8 21. Kh2 h5 22. Nd2 b5 23. Rge3 Rc6 24. f3 g5 25. hxg5 fxg5 26. Be5+ Kh7 27. Rh1 Kg6 28. g4 h4 29. f4 Rf8 30. Rf1 gxf4 31. Bxf4 Rxf4 32. Rxf4 Bg5 33. Rff3 Bxe3 34. Rxe3 Rc8 35. Nf3 Kf6 36. Nxh4 Kg5 37. Kg3 Rf8 38. Nf3+ Kf6 39. Ne5 Be8 40. Rf3+ Ke7 41. Rxf8 Kxf8 42. Kf4 Kg7 43. Kg5 a5 44. b4 axb4 45. cxb4 Kh7 46. Kf6 Kh6 47. Kxe6 Kg5 48. Kxd5 1-0

[Event "Sparkassen-Open A"]
[Site "Heusenstamm, Martinsee"]
[Date "2024.11.22"]
[Round "3.119"]
[White "Schellen, Sven"]
[Black "Ghaznavi, Massoud"]
[Result "1-0"]
[WhiteElo "1836"]
[BlackElo "1637"]
[PlyCount "77"]
[EventDate "2024.11.21"]
[WhiteTeam "SV Frankfurt Nord 1926"]
[BlackTeam "SV Oberursel"]

1. d4 d5 2. c4 Nf6 3. cxd5 Nxd5 4. e4 Nb6 5. Nc3 e6 6. Nf3 Be7 7. a4 a6 8. a5 N6d7 9. Bc4 O-O 10. O-O Nf6 11. Qe2 c6 12. Bf4 h6 13. Rfd1 Nh5 14. Be3 Nf6 15. d5 Qe8 16. d6 Bd8 17. Ne5 Nbd7 18. Ng4 Nxg4 19. Qxg4 Nf6 20. Qh3 Kh7 21. e5 Ng8 22. Ne4 Bd7 23. Rd3 f5 24. Nc5 Rb8 25. Rb3 g5 26. Bd4 h5 27. Nxb7 h4 28. Qe3 Qg6 29. Bxa6 Nh6 30. Nc5 Rxb3 31. Qxb3 Qg7 32. Bc4 Re8 33. a6 g4 34. Qb7 Bg5 35. Qxd7 Qxd7 36. Nxd7 Kg6 37. Bxe6 f4 38. a7 Ra8 39. Nb6 1-0